NATO Alphabet Multiple Choice Quiz Stats

 Plays Quiz Updated Mar 10, 2017

Also try: Greek Alphabet
Challenge
Share
Tweet
Embed
Score 0/26 Timer 01:30
4 Plays Today
Question Answer Wrong Answers
A Alpha
97.7%
Adam
1.4%
Alcohol
0.3%
Anchor
0.5%
C Charlie
96.6%
Cowboy
0.4%
Cactus
0.4%
Cargo
0.9%
D Delta
96%
Dog
0.7%
Dawn
0.3%
Dingo
0.8%
E Echo
95.7%
Elephant
0.8%
Enemy
0.3%
Edison
0.7%
F Foxtrot
94.9%
Football
0.3%
Falcon
1.7%
Fire
0.5%
B Bravo
87.7%
Beta
10.8%
Banana
0.2%
Baker
0.9%
T Tango
84.5%
Tennis
0.5%
Taxi
1.5%
Turkey
1.1%
L Lima
80.2%
Lemon
5.1%
Letter
2.2%
Lucky
7.8%
O Oscar
79.7%
Ontario
3.5%
Orange
6.7%
Opera
4.3%
S Sierra
78.2%
Sailor
5.7%
Spirit
2.4%
Sugar
2.8%
K Kilo
77.5%
Kangaroo
6.2%
King
6.6%
Kite
5.1%
H Hotel
77.1%
Hawaii
3.5%
Happy
3.2%
Henry
12.5%
N November
75%
News
2%
Norway
8.2%
Neon
9.4%
W Whiskey
74%
Wave
1%
Washington
2.4%
Welcome
0.8%
V Victor
73.9%
Vancouver
3.4%
Vessel
1.5%
Venice
2.6%
M Mike
73.8%
Moon
6.4%
Mister
5.6%
Micro
8.8%
G Golf
70.8%
Gold
1.9%
George
2.9%
Gamma
21.2%
R Romeo
69.9%
Radio
5.5%
Roger
14.5%
Rosebud
1.2%
X X-ray
67%
Xylophone
3.9%
Xander
2.2%
Xerxes
1.1%
I India
65.3%
Ivory
4.3%
Indigo
25.1%
Item
1.4%
Q Quebec
64.8%
Quiet
4.7%
Quito
5.6%
Queen
16.9%
Y Yankee
63.3%
Yellow
3.9%
Young
0.6%
York
2%
J Juliett
63.3%
Jeans
0.6%
Java
11.5%
Juno
20.4%
P Papa
61.8%
Penguin
4.8%
Paris
17.3%
Polka
9.2%
Z Zulu
59.6%
Zero
4.3%
Zipper
1.3%
Zachary
0.5%
U Uniform
52.3%
Utah
19.9%
Uncle
7.9%
Unicorn
4.8%

You're not logged in!

Compare scores with friends on all Sporcle quizzes.
OR
Log In

You Might Also Like...

Show Comments

Extras

Top Quizzes Today


Score Distribution

Your Account Isn't Verified!

In order to create a playlist on Sporcle, you need to verify the email address you used during registration. Go to your Sporcle Settings to finish the process.

Report this User

Report this user for behavior that violates our Community Guidelines.

Details: